Princezna se zlatou hvězdou klasická pohádka o dobrotivém králi Hostivítovi, zlém Kazisvětovi, o myším kožíšku a o řádu Zlaté vařečky, především ale o krásné princezně Ladě

Bibliographic Details
Other Authors: Frič, Martin, 1902-1968 (Author of dialog), Smolík, František, 1891-1972 (uci), Růžek, Martin, 1918-1995 (uci), Kyselková, Marie, 1935- (uci), Zíma, Josef, 1932-2025 (uci), Kurandová, Jarmila, 1890-1978 (uci)
Format: Book
Language:Czech
PhysicalDescription:1 videokazeta (80 min.) stereo, fareb., VHS systém PAL 10x19 cm
Published: Praha 1992
Subjects:

MARC

LEADER 00000nam a2200000 a 4500
001 vtls001403452
003 SK-MaSNL
005 20260301161927.0
008 001221s1992 xr 0 cze
020 |c 399.00 Sk 
035 |a SNK000358002 
040 |a SNK  |b slo  |c SNK  |e AACR2 
044 |a CZ 
080 |a 791.43-252(437.1)(086.8)  |2 1981 
245 1 |a Princezna se zlatou hvězdou  |h videozáznam  |b klasická pohádka o dobrotivém králi Hostivítovi, zlém Kazisvětovi, o myším kožíšku a o řádu Zlaté vařečky, především ale o krásné princezně Ladě  |c réžia Martin Frič 
260 |a Praha  |c 1992 
300 |a 1 videokazeta (80 min.)  |b stereo, fareb., VHS systém PAL  |c 10x19 cm 
511 |a Hrajú: František Smolík, Martin Růžek, Marie Kyselková, Josef Zíma, Jarmila Kurandová 
650 0 7 |a rozprávky filmové  |x videokazety  |2 SNK  |9 284201 
655 7 |a videokazety  |2 SNK  |9 70726 
700 1 |a Frič, Martin,  |d 1902-1968  |4 aud  |9 114141 
700 1 |a Smolík, František,  |d 1891-1972  |4 uci  |9 139024 
700 1 |a Růžek, Martin,  |d 1918-1995  |4 uci  |9 114146 
700 1 |a Kyselková, Marie,  |d 1935-  |4 uci  |9 65759 
700 1 |a Zíma, Josef,  |d 1932-2025  |4 uci  |9 254472 
700 1 |a Kurandová, Jarmila,  |d 1890-1978  |4 uci  |9 117885 
999 |c 811348  |d 813278 
952 |a SNK  |b SNK  |y PREZ  |7 0  |p 17A0261392  |o snkIVC 129  |i snkJK 545/2000  |0 0  |1 0  |4 0  |d 2000-12-21  |l 0  |r 2005-01-02 00:00:00  |w 2026-02-24